Online
Catalog

Historia económica de la Argentina en el siglo XX / (Record no. 24960)

MARC details
000 -CABECERA
campo de control de longitud fija 00980nam a2200253 a 4500
001 - NÚMERO DE CONTROL
campo de control 000025468
005 - FECHA Y HORA DE LA ÚLTIMA TRANSACCIÓN
campo de control 20200930023817.0
008 - DATOS DE LONGITUD FIJA--INFORMACIÓN GENERAL
campo de control de longitud fija 110216s1983 ag ad r 000 0 spa d
020 ## - NÚMERO INTERNACIONAL ESTÁNDAR DEL LIBRO
Número Internacional Estándar del Libro 950518705X
040 ## - FUENTE DE LA CATALOGACIÓN
Centro catalogador/agencia de origen DO-SdBNP
Lengua de catalogación spa
Centro/agencia transcriptor BNPHU
041 17 - CÓDIGO DE LENGUA
Código de lengua del texto/banda sonora o título independiente spa
Código de lengua original eng
Fuente del código Código de idioma MARC
082 ## - NÚMERO DE LA CLASIFICACIÓN DECIMAL DEWEY
Número de clasificación NNN
Número de documento/Ítem R188h
049 ## - FONDOS LOCALES (OCLC)
Fondos de biblioteca BNGR
100 1# - ENTRADA PRINCIPAL--NOMBRE DE PERSONA
Nombre de persona Randall, Laura
9 (RLIN) 52088
240 10 - TÍTULO UNIFORME
Título uniforme An economic history of Argentina in the twentieth century.
Lenguaje de la obra Español.
245 10 - MENCIÓN DE TÍTULO
Título Historia económica de la Argentina en el siglo XX /
Mención de responsabilidad, etc. Laura Randall ; traducción Lidia Espinosa de Matheu.
260 ## - PUBLICACIÓN, DISTRIBUCIÓN, ETC.
Lugar de publicación, distribución, etc. Buenos Aires :
Nombre del editor, distribuidor, etc. Amorrortu,
Fecha de publicación, distribución, etc. [1983?].
300 ## - DESCRIPCIÓN FÍSICA
Extensión 271, [2] p. :
Otras características físicas il., gráfs. ;
Dimensiones 23 cm.
490 1# - MENCIÓN DE SERIE
Mención de serie Biblioteca de economía política
534 ## - NOTA SOBRE LA VERSIÓN ORIGINAL
Encabezamiento principal del original Título original
Mención de título del original An economic history of Argentina in the twentieth century.
504 ## - NOTA DE BIBLIOGRAFÍA, ETC.
Nota de bibliografía, etc. Incluye bibliografía (p. 263-271)
700 1# - PUNTO DE ACCESO ADICIONAL--NOMBRE DE PERSONA
Nombre de persona Espinosa de Matheu, Lidia
Término indicativo de función/relación tr.
9 (RLIN) 52089
830 #0 - PUNTO DE ACCESO ADICIONAL DE SERIE-TÍTULO UNIFORME
Título uniforme Biblioteca de economía política
9 (RLIN) 49072
Holdings
Estado de retiro Estado de pérdida Restricciones de uso No para préstamo Código de colección Localización permanente Ubicación/localización actual Ubicación en estantería Fecha de adquisición Número de inventario Total de préstamos Signatura topográfica completa Código de barras Fecha visto por última vez Precio válido a partir de Tipo de ítem Koha
        Monografías: Libros y Folletos General General En catalogación 16.02.2011 LF1   NNN R188h 25468-10 25.06.2020 25.06.2020 Préstamo en sala

Powered by Koha